Statystyki dla Wymień wszystkich rywali Ferrariego.

Kliknij tutaj aby rozwiązać quiz!

Ogólne statystyki

  • Ten quiz został rozwiązany 28 razy
  • Średni wynik to 7 z 10

Statystyki odpowiedzi

Wygrana/PrzegranaRywal% Poprawnych
PorażkaPolak
100%
PrzegranaPolak
100%
PorażkaPolak
100%
PorażkaWiewiór
77%
WygranaBomba
65%
PorażkaDawid Malczynski
65%
WygranaHejter
65%
WgranaHaribo
54%
PrzegranaSzczurek
54%
WygranaBystrzak
46%

Rozkład punktacji

Percentyl według liczby udzielonych odpowiedzi

Procent ludzi z każdym wynikiem

Twoja historia wyników

Nie rozwiązałeś tego quizu